00443nam a2200181Ia 4500008004100000020001800041050001400059100002400073245002400097245004100121260001500162260001600177260000900193300001400202300002700216300001000243500000800253170918s9999 xx 000 0 und d a9780590486866 bB772 1994 aBourgeois, Paulette aFranklin is messy / cPaulette Bourheois and Brenda Clark. aNew York : bScholastic, c1994 aunpaged : bcolored illustration ; c23cm. a350